1877 1358 1927 1316 1699 1003 1925 1292 1041 1085 1639 1369 1981 1830 1858 1060 1332 1412 1996 1699 1334 1976 1311 1313 1240 1210 1438 1120 1718 1585 1121 1310 1063 1711 1451 1754 1112 1043 1999 1777 1756 1118 1566 1612 1189 1860 1842 1764 1892 1965 1885 1127 1448 1421 1528 1685 1185 1478 1042 1035 1287 1542 1064 1035 1780 1299 1719 1662 1599 1613 1281 1411 1101 1218 1979 1375 1148 1395 1221 1170 1430 1665 1897 1315 1409 1622 1226 1157 1922 1471 1628 1166 1762 1991 1992 1984 1630 1571 1975 BCNSPRNW ULIB Ver.6.0+V

เปลี่ยนเป็นภาษาไทย

Change to English
 แสดงรายละเอียดบรรณานุกรม
  กลับหน้าหลัก

Brief Record : Get Marc (ISO 2709) : E-mail record : QR code < ปิดหน้าต่าง
LEADER : 00000nam 2200000uu 4500
001    13399126612
003     ULIB
008    190123s2559||||th 000 0 tha d
020    ^a9786167741130
060 04 ^aWY100^bอ317ก ล.2
100 0  ^aอรชร ศรีไทรล้วน, บรรณาธิการ
245 00 ^aการพยาบาลพื้นฐานเล่ม 2 =^bFundamentals of Nursing II /^cอรชร ศรีไทรล้วน, บรรณาธิการ
250    ^aพิมพ์ครั้งที่ 2 ( ราคา 230 บาท )
260    ^aกรุงเทพฯ :^bภาควิชาการบริหารการพยาบาลและพื้นฐานวิชาชีพ,^c2559
300    ^a193 หน้า :^bภาพประกอบ ; ตาราง ;^c26 ซม.
505 0  ^aบทที่ 1 บทบาทพยาบาลกับการบริหารยารับประทาน
505 0  ^aบทที่ 2 บทบาทพยาบาลในการใช้ความร้อนและความเย็นเพื่อการบำบัด
505 0  ^aบทที่ 3 การพยาบาลเพื่อตอบสนองความต้องการการพักผ่อนนอนหลับ
505 0  ^aบทที่ 4 บทบาทพยาบาลกับการบริหารยาฉีดและการให้สารละลายทางหลอดเลือดดำ
505 0  ^aบทที่ 5 บทบาทพยาบาลในการดูแลบุคคลที่มีปัญหาเกี่ยวกับการขับถ่ายปัสสาวะ
505 0  ^aบทที่ 6 บทบาทพยาบาลในการดูแลบุคคลที่มีปัญหาเกี่ยวกับการขับถ่ายอุจจาระ
505 0  ^aบทที่ 7 บทบาทพยาบาลในการดูแลผู้ป่วยที่มีบาดแผล
505 0  ^aบทที่ 8 บทบาทพยาบาลกับการใช้ผ้าพัน
650  7 ^aการพยาบาลพื้นฐาน
650  7 ^aพยาบาล
700 0  ^aสุภวรรณ วงศ์ธีรทรัพย์,^eบรรณาธิการ
700 0  ^aอมรรัตน์ เสตสุวรรณ,^eบรรณาธิการ
945    ^p230^l0^i004880
945    ^p230^l0^i004879
945    ^p230^l0^i004878
945    ^p230^l0^i004877
945    ^p230^l0^i004873
945    ^p230^l0^i004874
945    ^p230^l0^i004875
945    ^p230^l0^i004876
945    ^p230^l0^i004881
945    ^p230^l0^i004872
999    ^aประนอม เกษจรัล
รายการนี้ยังไม่มีแท็ก
คุณยังไม่ได้ล็อกอิน คุณสามารถมีกิจกรรมร่วมกับเว็บไซต์ได้ แต่ต้องล็อกอินก่อน ::
  ล็อกอิน

รายการสื่อสารสนเทศ

ลำดับที่ ประเภท เลขเรียก/บาร์โค้ด สถานที่ สถานะ
1. Book การพยาบาล
หนังสือสำรอง
สถานะ=หนังสือสำรอง
WY100 อ317ก ล.2 ฉ.1 
  Barcode: 004872
ห้องสมุดวิทยาเขตสวรรค์ประชารักษ์
►หนังสือทั่วไป
บนชั้น
2. Book การพยาบาล
Book การพยาบาล
WY100 อ317ก ล.2 ฉ.10 
  Barcode: 004881
ห้องสมุดวิทยาเขตสวรรค์ประชารักษ์
►หนังสือทั่วไป
บนชั้น
3. Book การพยาบาล
Book การพยาบาล
WY100 อ317ก ล.2 ฉ.2 
  Barcode: 004873
ห้องสมุดวิทยาเขตสวรรค์ประชารักษ์
►หนังสือทั่วไป
บนชั้น
4. Book การพยาบาล
Book การพยาบาล
WY100 อ317ก ล.2 ฉ.3 
  Barcode: 004874
ห้องสมุดวิทยาเขตสวรรค์ประชารักษ์
►หนังสือทั่วไป
บนชั้น
5. Book การพยาบาล
Book การพยาบาล
WY100 อ317ก ล.2 ฉ.4 
  Barcode: 004875
ห้องสมุดวิทยาเขตสวรรค์ประชารักษ์
►หนังสือทั่วไป
บนชั้น
6. Book การพยาบาล
Book การพยาบาล
WY100 อ317ก ล.2 ฉ.5 
  Barcode: 004876
ห้องสมุดวิทยาเขตสวรรค์ประชารักษ์
►หนังสือทั่วไป
บนชั้น
7. Book การพยาบาล
Book การพยาบาล
WY100 อ317ก ล.2 ฉ.6 
  Barcode: 004877
ห้องสมุดวิทยาเขตสวรรค์ประชารักษ์
►หนังสือทั่วไป
บนชั้น
8. Book การพยาบาล
Book การพยาบาล
WY100 อ317ก ล.2 ฉ.7 
  Barcode: 004878
ห้องสมุดวิทยาเขตสวรรค์ประชารักษ์
►หนังสือทั่วไป
บนชั้น
9. Book การพยาบาล
Book การพยาบาล
WY100 อ317ก ล.2 ฉ.8 
  Barcode: 004879
ห้องสมุดวิทยาเขตสวรรค์ประชารักษ์
►หนังสือทั่วไป
บนชั้น
10. Book การพยาบาล
Book การพยาบาล
WY100 อ317ก ล.2 ฉ.9 
  Barcode: 004880
ห้องสมุดวิทยาเขตสวรรค์ประชารักษ์
►หนังสือทั่วไป
บนชั้น

รายการใกล้เคียง
    ผู้แต่ง [อรชร ศรีไทรล้วน, บรรณาธิการ]

    หัวเรื่อง [การพยาบาลพื้นฐาน]
    หัวเรื่อง [พยาบาล]

BibComment


ยังไม่เคยถูกคอมเมนท์

คอมเมนท์ทรัพยากรรายการนี้
  คอมเมนท์: การพยาบาลพื้นฐาน..


 Copyright 2026. Bcnsprnw @Library